| 000 | 01227nac a22003977a 4500 | ||
|---|---|---|---|
| 001 | BR0803434 | ||
| 003 | BR-BrBNA | ||
| 005 | 20240105123600.0 | ||
| 008 | 230509b bl.|||m| |||| 00| 0 por d | ||
| 040 |
_aBR-BrBNA _bpor _cBiblioteca Nacional de Agricultura |
||
| 072 | _aL02; Q54 | ||
| 090 | _a5300 BR0803434 | ||
| 100 | 1 | _aCosta, O.A.D. | |
| 100 | 1 | _aMorés, N. | |
| 100 | 1 | _aLima, G.J.M.M. de | |
| 100 | 1 | _aSobestiansky, J. | |
| 100 | 1 | _aBarioni Junior, W. | |
| 100 | 1 | _aGuzzo, R. | |
| 100 | 1 | _aDartora, V. | |
| 110 | 1 | _aEMBRAPA Suínos e Aves, Concórdia, SC (Brasil) | |
| 245 | 1 | _aAspectos da nutrição relacionados com a criação de suínos em fase de creche, crescimento e terminação em granjas do sul do Brasil | |
| 260 | 3 |
_aConcórdia, SC (Brasil): _c2001. |
|
| 300 | _a6 p. | ||
| 490 |
_aComunicado Técnico - EMBRAPA Suínos e Aves (Brazil) _vno. 288 _xISSN 0100-8862 |
||
| 650 | _aSUÍNO | ||
| 650 | _aCRIAÇÃO | ||
| 650 | _aCOMPOSIÇÃO DE ALIMENTO | ||
| 650 | _aRAÇÃO | ||
| 650 | _aNUTRIÇÃO ANIMAL | ||
| 650 | _aGRANJA | ||
| 650 | _aPERFORMANCE | ||
| 650 | _aTERMINAÇÃO | ||
| 650 | _aSUL | ||
| 909 |
_a202312 _bLúcia Elande _c55 _dLúcia Elande |
||
| 942 |
_2AGRIS _n0 _cMS |
||
| 999 |
_c296092 _d296092 |
||